Here's a few home truths (Record no. 81154)

MARC details
000 -LEADER
fixed length control field 01140cab a22002655a 4500
001 - CONTROL NUMBER
control field L146441
008 - FIXED-LENGTH DATA ELEMENTS--GENERAL INFORMATION
fixed length control field 090121e20090117xxka f g 000 0 eng d
035 ## - SYSTEM CONTROL NUMBER
System control number (Sirsi) u146441
041 0# - LANGUAGE CODE
Language code of text/sound track or separate title eng
100 1# - MAIN ENTRY--PERSONAL NAME
Personal name Greenish, Damian
245 00 - TITLE STATEMENT
Title Here's a few home truths
260 ## - PUBLICATION, DISTRIBUTION, ETC.
Date of publication, distribution, etc. 2009
490 ## - SERIES STATEMENT
Series statement Estates Gazette
Volume/sequential designation (0903) 17 January 2009, 72-74(2)
520 ## - SUMMARY, ETC.
Summary, etc. Article explores the legal definition of what constitutes a 'house' and looks at the four occasions where the matter has been brought before the House of Lords. Discusses their findings and mentions the grey area of law surrounding mixed use buildings that may or may not constitute 'houses'.
590 ## - LOCAL NOTE (RLIN)
Local note KA
650 24 - SUBJECT ADDED ENTRY--TOPICAL TERM
Topical term or geographic name entry element BASS HOLDINGS LTD V GROSVENOR WEST END PROPERTIES
650 24 - SUBJECT ADDED ENTRY--TOPICAL TERM
Topical term or geographic name entry element MALEKSHAD V HOWARD DE WALDEN ESTATES LTD
650 24 - SUBJECT ADDED ENTRY--TOPICAL TERM
Topical term or geographic name entry element PARSONS V VISCOUNT GAGE (TRUSTEES OF HENRY SMITH'S CHARITY)
650 24 - SUBJECT ADDED ENTRY--TOPICAL TERM
Topical term or geographic name entry element PROSPECT ESTATES LTD V GROSVENOR ESTATES LTD
650 24 - SUBJECT ADDED ENTRY--TOPICAL TERM
Topical term or geographic name entry element TANDON V TRUSTEES OF SPURGEONS HOMES
650 24 - SUBJECT ADDED ENTRY--TOPICAL TERM
Topical term or geographic name entry element COMMONHOLD AND LEASEHOLD REFORM ACT 2002
650 24 - SUBJECT ADDED ENTRY--TOPICAL TERM
Topical term or geographic name entry element LEASEHOLD REFORM ACT 1967
651 #4 - SUBJECT ADDED ENTRY--GEOGRAPHIC NAME
Geographic name England and Wales
Chronological subdivision 1543-
942 ## - ADDED ENTRY ELEMENTS (KOHA)
Suppress in OPAC 0
Holdings
Withdrawn status Lost status Source of classification or shelving scheme Damaged status Not for loan Home library Current library Shelving location Date acquired Total Checkouts Full call number Barcode Date last seen Copy number Price effective from Koha item type
    Dewey Decimal Classification     London London Journal article 21/01/2009   L146441 146441-1001 06/08/2019 1 06/08/2019 Journal article